| 000 | 00624nam a22002417a 4500 | ||
|---|---|---|---|
| 003 | OSt | ||
| 005 | 20220924113644.0 | ||
| 006 | a|||||r|||| 00| 0 | ||
| 007 | ta | ||
| 008 | 220923b |||||||| |||| 00| 0 eng d | ||
| 024 | _a149619 | ||
| 037 | _cGeneral Books | ||
| 040 |
_aARTS _cARTS _beng |
||
| 041 |
_2eng _aeng |
||
| 082 | _aY1:42:5:5G, G3 | ||
| 100 | _aCattell Raymond B | ||
| 245 | 0 | _aPsychology and social progress,etc | |
| 260 |
_aNA _bNA _c1933 |
||
| 300 | _ap. | ||
| 650 | _aSOCIOLOGY | ||
| 942 |
_hY1:42:5:5G, G3 _cGB _2CC |
||
| 999 |
_c390347 _d390347 |
||